<?xml version="1.0" encoding="UTF-8"?>
<record
    xmlns:xsi="http://www.w3.org/2001/XMLSchema-instance"
    xsi:schemaLocation="http://www.loc.gov/MARC21/slim http://www.loc.gov/standards/marcxml/schema/MARC21slim.xsd"
    xmlns="http://www.loc.gov/MARC21/slim">

  <leader>04318namaa22004211i 4500</leader>
  <controlfield tag="003">OSt</controlfield>
  <controlfield tag="005">20260401141403.0</controlfield>
  <controlfield tag="008">250827s2025    ua a|||frm||| 000 0 eng d</controlfield>
  <datafield tag="040" ind1=" " ind2=" ">
    <subfield code="a">EG-GICUC</subfield>
    <subfield code="b">ara</subfield>
    <subfield code="c">EG-GICUC</subfield>
    <subfield code="d">EG-GICUC</subfield>
    <subfield code="e">rda</subfield>
  </datafield>
  <datafield tag="041" ind1="0" ind2=" ">
    <subfield code="a">ara</subfield>
    <subfield code="b">ara</subfield>
    <subfield code="b">eng</subfield>
  </datafield>
  <datafield tag="049" ind1=" " ind2=" ">
    <subfield code="a">&#x625;&#x64A;&#x62F;&#x627;&#x639;</subfield>
  </datafield>
  <datafield tag="082" ind1="0" ind2="4">
    <subfield code="a">189.1</subfield>
  </datafield>
  <datafield tag="092" ind1=" " ind2=" ">
    <subfield code="a">189.1</subfield>
    <subfield code="2">21</subfield>
  </datafield>
  <datafield tag="097" ind1=" " ind2=" ">
    <subfield code="a">&#x62F;&#x643;&#x62A;&#x648;&#x631;&#x627;&#x647;&#x200E;</subfield>
  </datafield>
  <datafield tag="099" ind1=" " ind2=" ">
    <subfield code="a">Cai01.06.06.Ph.D.2025.&#x631;&#x64A;.&#x645;</subfield>
  </datafield>
  <datafield tag="100" ind1="0" ind2=" ">
    <subfield code="a">&#x60C;&#x631;&#x64A;&#x627;&#x636; &#x62D;&#x645;&#x648;&#x62F; &#x633;&#x644;&#x645;&#x627;&#x646;</subfield>
    <subfield code="e">&#x625;&#x639;&#x62F;&#x627;&#x62F;.</subfield>
  </datafield>
  <datafield tag="245" ind1="1" ind2="0">
    <subfield code="a">&#x645;&#x642;&#x648;&#x644;&#x629; &#x625;&#x645;&#x643;&#x627;&#x646; &#x627;&#x644;&#x628;&#x639;&#x62B; &#x648;&#x627;&#x644;&#x62E;&#x644;&#x648;&#x62F; &#x648;&#x623;&#x62F;&#x644;&#x62A;&#x647;&#x627; &#x639;&#x646;&#x62F; &#x627;&#x644;&#x623;&#x634;&#x627;&#x639;&#x631;&#x629; &#x648;&#x641;&#x644;&#x627;&#x633;&#x641;&#x629; &#x627;&#x644;&#x645;&#x63A;&#x631;&#x628; &#x627;&#x644;&#x625;&#x633;&#x644;&#x627;&#x645;&#x64A; :</subfield>
    <subfield code="b">&#x62F;&#x631;&#x627;&#x633;&#x629; &#x62A;&#x62D;&#x644;&#x64A;&#x644;&#x64A;&#x629; &#x62A;&#x642;&#x648;&#x64A;&#x645;&#x64A;&#x64E;&#x651;&#x629; /</subfield>
    <subfield code="c">&#x625;&#x639;&#x62F;&#x627;&#x62F; &#x631;&#x64A;&#x627;&#x636; &#x62D;&#x645;&#x648;&#x62F; &#x633;&#x644;&#x645;&#x627;&#x646;&#x61B; &#x625;&#x634;&#x631;&#x627;&#x641; &#x623;.&#x62F;. &#x627;&#x644;&#x633;&#x64A;&#x62F; &#x631;&#x632;&#x642; &#x627;&#x644;&#x62D;&#x62C;&#x631;&#x60C; &#x623;.&#x62F;. &#x645;&#x62E;&#x62A;&#x627;&#x631; &#x645;&#x62D;&#x645;&#x648;&#x62F; &#x639;&#x637;&#x627; &#x627;&#x644;&#x644;&#x647;. </subfield>
  </datafield>
  <datafield tag="246" ind1="1" ind2="5">
    <subfield code="a">The argument of the possibility of resurrection and immortality and its evidence according to the ash'aris and the philosophers of the islamic maghreb :</subfield>
    <subfield code="b">An evaluative analytical study /</subfield>
  </datafield>
  <datafield tag="264" ind1=" " ind2="0">
    <subfield code="c">2025.</subfield>
  </datafield>
  <datafield tag="300" ind1=" " ind2=" ">
    <subfield code="a">602 &#x635;&#x641;&#x62D;&#x629; :</subfield>
    <subfield code="b">&#x625;&#x64A;&#x636;&#x627;&#x62D;&#x64A;&#x627;&#x62A; &#x61B; </subfield>
    <subfield code="c">30 &#x633;&#x645;. + </subfield>
    <subfield code="e">CD.</subfield>
  </datafield>
  <datafield tag="336" ind1=" " ind2=" ">
    <subfield code="a">text</subfield>
    <subfield code="2">rda content</subfield>
  </datafield>
  <datafield tag="337" ind1=" " ind2=" ">
    <subfield code="a">Unmediated</subfield>
    <subfield code="2">rdamedia</subfield>
  </datafield>
  <datafield tag="338" ind1=" " ind2=" ">
    <subfield code="a">volume</subfield>
    <subfield code="2">rdacarrier</subfield>
  </datafield>
  <datafield tag="502" ind1=" " ind2=" ">
    <subfield code="a">&#x623;&#x637;&#x631;&#x648;&#x62D;&#x629; (&#x62F;&#x643;&#x62A;&#x648;&#x631;&#x627;&#x647;)-&#x62C;&#x627;&#x645;&#x639;&#x629; &#x627;&#x644;&#x642;&#x627;&#x647;&#x631;&#x629;&#x60C; 2025.   </subfield>
  </datafield>
  <datafield tag="504" ind1=" " ind2=" ">
    <subfield code="a">&#x628;&#x628;&#x644;&#x64A;&#x648;&#x62C;&#x631;&#x627;&#x641;&#x64A;&#x627;: &#x635;&#x641;&#x62D;&#x627;&#x62A; 575-592.</subfield>
  </datafield>
  <datafield tag="520" ind1=" " ind2=" ">
    <subfield code="a">&#x62A;&#x646;&#x627;&#x648;&#x644;&#x62A; &#x647;&#x630;&#x647; &#x627;&#x644;&#x62F;&#x631;&#x627;&#x633;&#x629; &#x645;&#x642;&#x648;&#x644;&#x629; &#x625;&#x645;&#x643;&#x627;&#x646; &#x627;&#x644;&#x628;&#x639;&#x62B; &#x648;&#x627;&#x644;&#x62E;&#x644;&#x648;&#x62F; &#x648;&#x623;&#x62F;&#x644;&#x62A;&#x647;&#x627; &#x639;&#x646;&#x62F; &#x627;&#x644;&#x623;&#x634;&#x627;&#x639;&#x631;&#x629; &#x648;&#x641;&#x644;&#x627;&#x633;&#x641;&#x629; &#x627;&#x644;&#x645;&#x63A;&#x631;&#x628; &#x627;&#x644;&#x625;&#x633;&#x644;&#x627;&#x645;&#x64A;&#x60C; &#x648;&#x642;&#x62F; &#x62D;&#x62F;&#x62F;&#x62A;&#x64F; &#x645;&#x634;&#x643;&#x644;&#x629; &#x627;&#x644;&#x628;&#x62D;&#x62B; &#x627;&#x644;&#x631;&#x626;&#x64A;&#x633;&#x64A;&#x629; &#x627;&#x644;&#x62A;&#x64A; &#x62A;&#x62A;&#x637;&#x644;&#x628; &#x645;&#x639;&#x627;&#x644;&#x62C;&#x629; &#x639;&#x644;&#x645;&#x64A;&#x629; &#x62F;&#x642;&#x64A;&#x642;&#x629;&#x60C; &#x648;&#x62A;&#x62F;&#x648;&#x631; &#x647;&#x630;&#x647; &#x627;&#x644;&#x625;&#x634;&#x643;&#x627;&#x644;&#x64A;&#x629; &#x62D;&#x648;&#x644; &#x645;&#x627; &#x625;&#x630;&#x627; &#x643;&#x627;&#x646;&#x62A; &#x645;&#x642;&#x648;&#x644;&#x629; &#x627;&#x644;&#x625;&#x645;&#x643;&#x627;&#x646; &#x62A;&#x646;&#x637;&#x628;&#x642; &#x639;&#x644;&#x649; &#x627;&#x644;&#x628;&#x639;&#x62B; &#x648;&#x627;&#x644;&#x62E;&#x644;&#x648;&#x62F; &#x623;&#x645; &#x644;&#x627;&#x60C; &#x648;&#x645;&#x627; &#x647;&#x64A; &#x623;&#x62F;&#x644;&#x62A;&#x647;&#x627; &#x627;&#x644;&#x62A;&#x64A; &#x62A;&#x636;&#x639;&#x647;&#x627; &#x641;&#x64A; &#x625;&#x637;&#x627;&#x631; &#x627;&#x644;&#x625;&#x645;&#x643;&#x627;&#x646;&#x60C; &#x648;&#x628;&#x627;&#x644;&#x62A;&#x627;&#x644;&#x64A; &#x641;&#x625;&#x646;&#x64E;&#x651;&#x646;&#x64A; &#x642;&#x62F;&#x645;&#x62A; &#x645;&#x62C;&#x645;&#x648;&#x639;&#x629; &#x645;&#x646; &#x627;&#x644;&#x623;&#x62F;&#x644;&#x629; &#x627;&#x644;&#x639;&#x642;&#x644;&#x64A;&#x629; &#x639;&#x646;&#x62F; &#x627;&#x644;&#x627;&#x634;&#x627;&#x639;&#x631;&#x629; &#x648;&#x641;&#x644;&#x627;&#x633;&#x641;&#x629; &#x627;&#x644;&#x645;&#x63A;&#x631;&#x628; &#x627;&#x644;&#x625;&#x633;&#x644;&#x627;&#x645;&#x64A; &#x648;&#x627;&#x644;&#x62A;&#x64A; &#x62A;&#x62B;&#x628;&#x62A; &#x635;&#x62D;&#x629; &#x625;&#x645;&#x643;&#x627;&#x646; &#x627;&#x644;&#x628;&#x639;&#x62B; &#x648;&#x627;&#x644;&#x62E;&#x644;&#x648;&#x62F; &#x648;&#x62A;&#x646;&#x642;&#x636; &#x648;&#x62A;&#x64F;&#x628;&#x637;&#x644; &#x634;&#x628;&#x647;&#x627;&#x62A; &#x627;&#x644;&#x645;&#x646;&#x643;&#x631;&#x64A;&#x646; &#x627;&#x644;&#x630;&#x64A;&#x646; &#x64A;&#x646;&#x643;&#x631;&#x648;&#x646; &#x627;&#x644;&#x628;&#x639;&#x62B; &#x648;&#x627;&#x644;&#x62E;&#x644;&#x648;&#x62F; &#x648;&#x648;&#x62C;&#x648;&#x62F; &#x62D;&#x64A;&#x627;&#x629; &#x628;&#x639;&#x62F; &#x645;&#x648;&#x62A; &#x627;&#x644;&#x628;&#x62F;&#x646; &#x648;&#x645;&#x641;&#x627;&#x631;&#x642;&#x629; &#x627;&#x644;&#x646;&#x641;&#x633; &#x644;&#x647;&#x60C; &#x648;&#x628;&#x646;&#x627;&#x621; &#x639;&#x644;&#x64A;&#x647; &#x643;&#x627;&#x646; &#x627;&#x644;&#x647;&#x62F;&#x641; &#x645;&#x646; &#x627;&#x644;&#x628;&#x62D;&#x62B; &#x647;&#x648; &#x625;&#x62B;&#x628;&#x627;&#x62A; &#x635;&#x62D;&#x629; &#x627;&#x644;&#x625;&#x645;&#x643;&#x627;&#x646; &#x644;&#x627; &#x627;&#x644;&#x648;&#x642;&#x648;&#x639;&#x60C;  &#x648;&#x647;&#x630;&#x627; &#x645;&#x627; &#x64A;&#x645;&#x64A;&#x632; &#x647;&#x630;&#x647; &#x627;&#x644;&#x62F;&#x631;&#x627;&#x633;&#x629; &#x639;&#x646; &#x63A;&#x64A;&#x631;&#x647;&#x627;.</subfield>
  </datafield>
  <datafield tag="520" ind1=" " ind2=" ">
    <subfield code="a">This study dealt with the concept of the possibility of resurrection and immortality and its evidence according to the Ash'aris and the philosophers of the Islamic Maghreb. I identified the main research problem that requires precise scientific treatment. This problem revolves around whether the concept of possibility applies to resurrection and immortality or not, and what is its evidence that places it within the framework of possibility. Therefore, I presented a group of rational evidence according to the Ash'aris and the philosophers of the Islamic Maghreb that proves the validity of the possibility of resurrection and immortality and refutes and invalidates the doubts of deniers who deny resurrection and immortality and the existence of life after the death of the body and the departure of the soul from it. Accordingly, the aim of the research was to prove the validity of possibility, not occurrence, and this is what distinguishes this study from others.                                  </subfield>
  </datafield>
  <datafield tag="530" ind1=" " ind2=" ">
    <subfield code="a">&#x635;&#x62F;&#x631; &#x623;&#x64A;&#x636;&#x64B;&#x627; &#x643;&#x642;&#x631;&#x635; &#x645;&#x62F;&#x645;&#x62C;.</subfield>
  </datafield>
  <datafield tag="546" ind1=" " ind2=" ">
    <subfield code="a">&#x627;&#x644;&#x646;&#x635; &#x628;&#x627;&#x644;&#x639;&#x631;&#x628;&#x64A;&#x629; &#x648;&#x627;&#x644;&#x645;&#x644;&#x62E;&#x635; &#x628;&#x627;&#x644;&#x644;&#x63A;&#x629; &#x627;&#x644;&#x625;&#x646;&#x62C;&#x644;&#x64A;&#x632;&#x64A;&#x629; &#x648;&#x627;&#x644;&#x639;&#x631;&#x628;&#x64A;&#x629;.</subfield>
  </datafield>
  <datafield tag="650" ind1=" " ind2="7">
    <subfield code="a">&#x627;&#x644;&#x641;&#x644;&#x633;&#x641;&#x629; &#x627;&#x644;&#x625;&#x633;&#x644;&#x627;&#x645;&#x64A;&#x629; </subfield>
    <subfield code="2">qrmak</subfield>
  </datafield>
  <datafield tag="653" ind1=" " ind2="0">
    <subfield code="a">&#x625;&#x645;&#x643;&#x627;&#x646; </subfield>
    <subfield code="a">&#x627;&#x644;&#x628;&#x639;&#x62B;</subfield>
    <subfield code="a">&#x627;&#x644;&#x62E;&#x644;&#x648;&#x62F;</subfield>
  </datafield>
  <datafield tag="700" ind1="0" ind2=" ">
    <subfield code="a">&#x627;&#x644;&#x633;&#x64A;&#x62F; &#x631;&#x632;&#x642; &#x627;&#x644;&#x62D;&#x62C;&#x631;                               </subfield>
    <subfield code="e">&#x645;&#x634;&#x631;&#x641; &#x623;&#x637;&#x631;&#x648;&#x62D;&#x629;.</subfield>
  </datafield>
  <datafield tag="700" ind1="0" ind2=" ">
    <subfield code="a">&#x645;&#x62E;&#x62A;&#x627;&#x631; &#x645;&#x62D;&#x645;&#x648;&#x62F; &#x639;&#x637;&#x627; &#x627;&#x644;&#x644;&#x647; </subfield>
    <subfield code="e">&#x645;&#x634;&#x631;&#x641; &#x623;&#x637;&#x631;&#x648;&#x62D;&#x629;.</subfield>
  </datafield>
  <datafield tag="900" ind1=" " ind2=" ">
    <subfield code="b">27-02-2025</subfield>
    <subfield code="c">&#x627;&#x644;&#x633;&#x64A;&#x62F; &#x631;&#x632;&#x642; &#x627;&#x644;&#x62D;&#x62C;&#x631;                               </subfield>
    <subfield code="c">&#x645;&#x62E;&#x62A;&#x627;&#x631; &#x645;&#x62D;&#x645;&#x648;&#x62F; &#x639;&#x637;&#x627; &#x627;&#x644;&#x644;&#x647; </subfield>
    <subfield code="d">&#x62D;&#x633;&#x646; &#x627;&#x644;&#x634;&#x627;&#x641;&#x639;&#x64A; </subfield>
    <subfield code="d">&#x645;&#x62D;&#x645;&#x62F; &#x639;&#x628;&#x62F; &#x627;&#x644;&#x62F;&#x627;&#x64A;&#x645; &#x627;&#x644;&#x62C;&#x646;&#x62F;&#x64A; </subfield>
    <subfield code="U">&#x62C;&#x627;&#x645;&#x639;&#x629; &#x627;&#x644;&#x642;&#x627;&#x647;&#x631;&#x629; </subfield>
    <subfield code="F">&#x643;&#x644;&#x64A;&#x629; &#x62F;&#x627;&#x631; &#x627;&#x644;&#x639;&#x644;&#x648;&#x645; </subfield>
    <subfield code="D">&#x642;&#x633;&#x645; &#x627;&#x644;&#x641;&#x644;&#x633;&#x641;&#x629; &#x627;&#x644;&#x625;&#x633;&#x644;&#x627;&#x645;&#x64A;&#x629;</subfield>
  </datafield>
  <datafield tag="905" ind1=" " ind2=" ">
    <subfield code="a">Sara</subfield>
    <subfield code="e">Afaf</subfield>
  </datafield>
  <datafield tag="942" ind1=" " ind2=" ">
    <subfield code="2">ddc</subfield>
    <subfield code="c">TH</subfield>
    <subfield code="e">21</subfield>
    <subfield code="n">0</subfield>
  </datafield>
  <datafield tag="999" ind1=" " ind2=" ">
    <subfield code="c">178724</subfield>
  </datafield>
  <datafield tag="952" ind1=" " ind2=" ">
    <subfield code="2">ddc</subfield>
    <subfield code="9">315257</subfield>
    <subfield code="a">CUCL</subfield>
    <subfield code="b">cl210</subfield>
    <subfield code="d">2026-02-25</subfield>
    <subfield code="i">33017</subfield>
    <subfield code="o">Cai01.06.06.Ph.D.2025.&#x631;&#x64A;.&#x645;</subfield>
    <subfield code="p">01010100033017000</subfield>
    <subfield code="r">2026-02-25 10:47:00</subfield>
    <subfield code="w">2026-02-25</subfield>
    <subfield code="y">TH</subfield>
  </datafield>
</record>
